La famiglia in Italia /
সংরক্ষণ করুন:
| প্রধান লেখক: | |
|---|---|
| বিন্যাস: | গ্রন্থ |
| প্রকাশিত: |
Roma
|
| ট্যাগগুলো: |
কোনো ট্যাগ নেই, প্রথমজন হিসাবে ট্যাগ করুন!
|
MARC
| LEADER | 00000nam a22000007i 4500 | ||
|---|---|---|---|
| 001 | CDOM0000003738 | ||
| 003 | mi | ||
| 005 | 20251003224852.0 | ||
| 008 | 10930s1960 it |||||| ||||| |||||c | ||
| 040 | |c mi | ||
| 082 | |a 301.42 | ||
| 100 | |a Volpicelli, Luigi |0 IT\ICCU\CFIV\000949 |4 aut | ||
| 245 | |a La famiglia in Italia / |c Luigi Volpicelli. | ||
| 260 | |a Roma | ||
| 942 | |2 ddc |c BK |n 0 | ||
| 952 | |0 0 |1 0 |2 ddc |4 0 |7 0 |9 6954 |a MI |b MI |d 2009-08-24 |i 5449 |l 0 |p CDOM5449 |r 2025-07-13 16:28:00 |w 2025-07-13 |x DONO |y BK | ||
| 999 | |c 5676 |d 5676 | ||